[Event "Jakarta op"]
[Site "Jakarta"]
[Date "2024.01.21"]
[Round "7"]
[White "Supriyanto, Tommy"]
[Black "Ramdhani, Agha Faiz"]
[Result "1-0"]
[WhiteElo "1983"]
[BlackElo "1583"]
[PlyCount "78"]
[EventDate "2024.01.19"]
[EventType "swiss"]
[EventRounds "7"]
[EventCountry "INA"]
[SourceTitle "CB06_2024"]
[SourceDate "2024.02.07"]
[SourceVersion "1"]
[SourceVersionDate "2024.02.07"]
[SourceQuality "1"]

1. e4 e5 2. Nf3 Nc6 3. Nc3 Nf6 4. a3 d6 5. d4 Bg4 6. Bb5 Nd7 7. dxe5 Ndxe5 8. Be2 Bxf3 9. Bxf3 Nxf3+ 10. Qxf3 Be7 11. 0-0 0-0 12. Nd5 Ne5 13. Qg3 c6 14. Ne3 Bh4 15. Qh3 Bf6 16. Rd1 Qc7 17. Nf5 Rad8 18. Qg3 Kh8 19. Bf4 g6 20. Ne3 Bg7 21. Rd2 Rd7 22. Rad1 Rfd8 23. c3 f6 24. h4 b5 25. Qh3 Re8 26. h5 g5 27. Bxe5 Rxe5 28. h6 Bf8 29. Qf3 Rf7 30. Nf5 Re6 31. Qe3 Qd8 32. Qd3 Rd7 33. c4 bxc4 34. Qxc4 d5 35. Qc2 Qb8 36. Rc1 Rb7 37. g3 Rb5 38. Kg2 Rxe4 39. Qxc6 Rb6 1-0